| 000 | 01334nam a2200373Ii 4500 | ||
|---|---|---|---|
| 001 | DIGUPILOTCK107 | ||
| 003 | NyNyDIG | ||
| 006 | m o d | ||
| 007 | cr ||||||||||| | ||
| 008 | 230410s2022 ck ob 000 0 spa d | ||
| 035 | _a(OCoLC)1377522078 | ||
| 040 |
_aDGITA _beng _erda _epn _cDGITA |
||
| 020 |
_a9789585106628 _qeBook |
||
| 050 | 1 | 4 | _aQA200 ebook |
| 100 | 1 |
_aNarváez Bello, Sandra Patricia, _eauthor. |
|
| 245 | 1 | 0 |
_aVectores : _baplicaciones en la ingenería civil / _cSandra Patricia Narváez Bello. |
| 264 | 1 |
_aBogotá : _bUniversidad Piloto de Colombia, _c2022. |
|
| 250 | _aPrimera edición. | ||
| 300 | _a1 online resource. | ||
| 336 |
_atext _btxt _2rdacontent |
||
| 337 |
_acomputer _bc _2rdamedia |
||
| 338 |
_aonline resource _bcr _2rdacarrier |
||
| 347 |
_atext file _2rdaft |
||
| 347 | _bPDF | ||
| 504 | _aIncludes bibliographical references. | ||
| 588 | 0 | _aOnline resource; title from PDF title page (Digitalia, viewed April 10, 2023) | |
| 650 | 0 | _aVector algebra. | |
| 650 | 0 |
_aCivil engineering _xDesign and construction. |
|
| 791 | 2 |
_aDigitalia (Firm), _edistributor. |
|
| 793 | 0 |
_gDigitalia eBook Collection: _aUniversidad Piloto de Colombia |
|
| 856 | 4 | 0 |
_3Digitalia Hispánica _uhttps://www.digitaliapublishing.com/a/119486/ |
| 910 | _aPremium collection: 2023 | ||
| 942 | _cRAA | ||
| 999 |
_c276064 _d276064 |
||